[Event "Roncana op-A 14th"]
[Site "Santa Eulalia de Roncana"]
[Date "2022.10.08"]
[Round "1"]
[White "Ventos Alfonso, Alba"]
[Black "Paniagua Garcia, Jose Manuel"]
[Result "0-1"]
[WhiteElo "1764"]
[BlackElo "2041"]
[PlyCount "62"]
[EventDate "2022.10.08"]
[EventType "swiss"]
[EventRounds "8"]
[EventCountry "ESP"]
[SourceTitle "EXT 2024"]
[Source "ChessBase"]
[SourceDate "2023.10.10"]
[SourceVersion "1"]
[SourceVersionDate "2023.10.10"]
[SourceQuality "1"]

1. e4 e5 2. f4 d5 3. exd5 e4 4. d3 Nf6 5. dxe4 Nxe4 6. Nf3 Bc5 7. Bb5+ c6 8. Qe2 0-0 9. dxc6 bxc6 10. Qxe4 cxb5 11. Qd3 Re8+ 12. Kd1 Qc7 13. Bd2 Rd8 14. Qe2 Nc6 15. Qxb5 Nb4 16. Kc1 Rb8 17. Qe2 Ba6 18. Qe5 Bd6 19. Qc3 Qb7 20. Qb3 Qc7 21. Bxb4 Rxb4 22. Qc3 Rc4 23. Qb3 Rb8 24. Qd3 Bxf4+ 25. Nbd2 Rd8 26. Qb3 Rxd2 27. Nxd2 Bxd2+ 28. Kb1 Rb4 29. Qf3 Bb7 30. Qe2 Rxb2+ 31. Kxb2 Qc3+ 0-1